Analýza finančnej situácie a finančnej výkonnosti vybraných podnikateľských subjektov diplomová práca

Enregistré dans:
Détails bibliographiques
Auteur principal: Malajter, Ján
Collectivité auteur: Podnikovohospodárska fakulta EU so sídlom v Košiciach. Katedra finančného riadenia podniku
Autres auteurs: Kicová, Marianna
Format: Livre
Langue:slovaque
Publié: Košice 2017
Tags: Ajouter un tag
Pas de tags, Soyez le premier à ajouter un tag!

MARC

LEADER 00000nbm a2200000 4500
001 0231712
005 20171121101014.5
041 0 |a slo 
044 |a SK 
245 1 0 |a Analýza finančnej situácie a finančnej výkonnosti vybraných podnikateľských subjektov  |b diplomová práca  |c Ján Malajter ; školiteľ: Marianna Kicová 
264 1 |a Košice  |c 2017 
300 |a 64 s. 
100 1 |a Malajter, Ján 
700 1 |a Kicová, Marianna 
710 2 |a Podnikovohospodárska fakulta EU so sídlom v Košiciach. Katedra finančného riadenia podniku